书目信息 |
| 题名: |
红外测距仪原理及检测(第二版)
|
|
| 作者: | 杨德麟 编著 | |
| 分册: | ||
| 出版信息: | 北京 测绘出版社 1989.09 |
|
| 页数: | 350页 | |
| 开本: | 16开 | |
| 丛书名: | ||
| 单 册: | ||
| 中图分类: | TH761.2 | |
| 科图分类: | ||
| 主题词: | 地球科学--测量仪器 | |
| 电子资源: | ||
| ISBN: | 7-5030-0824-5 | |
| 000 | 00571nam0 2200181 45 | |
| 001 | 0105090992 | |
| 005 | 20120330170150.60 | |
| 010 | @a7-5030-0824-5@d28.00元 | |
| 100 | @a20010509d1989 km y0chiy0120 ea | |
| 101 | 0 | @achi |
| 200 | 1 | @a红外测距仪原理及检测(第二版)@AHong Wai Ce Ju Yi Yuan Li Ji Jian Ce(Di Er Ban)@f杨德麟等编著@FYang De Lin Deng Bian Zhu |
| 210 | @a北京@c测绘出版社@d1989.09 | |
| 215 | @a350页@d16开 | |
| 606 | 0 | @a地球科学@x测量仪器 |
| 690 | @aTH761.2@v3 | |
| 701 | 0 | @a杨德麟@4编著 |
| 801 | @aCN@bPftUser@c20010509 | |
| 905 | @b341701-720@dTH761.2@eY446@f20 | |
| 红外测距仪原理及检测(第二版)/杨德麟等编著.-北京:测绘出版社,1989.09 |
| 350页;16开 |
| ISBN 7-5030-0824-5:28.00元 |
| ● |
| 相关链接 |
|
|
|
正题名:红外测距仪原理及检测(第二版)
索取号:TH761.2/Y446
 
预约/预借
| 序号 | 登录号 | 条形码 | 馆藏地/架位号 | 状态 | 备注 |
| 1 | 341701 | 203417016 | 自科二线504/504自科库 14排1列3层/ [索取号:TH761.2/Y446] | 在馆 | |
| 2 | 341702 | 203417025 | 自科二线504/504自科库 14排1列3层/ [索取号:TH761.2/Y446] | 在馆 | |
| 3 | 341703 | 203417034 | 自科二线504/504自科库 14排1列3层/ [索取号:TH761.2/Y446] | 在馆 | |
| 4 | 341704 | 203417043 | 自科二线504/504自科库 14排1列3层/ [索取号:TH761.2/Y446] | 在馆 | |
| 5 | 341705 | 203417052 | 自科二线504/504自科库 14排1列3层/ [索取号:TH761.2/Y446] | 在馆 | |
| 6 | 341706 | 203417061 | 自科二线504/504自科库 14排1列3层/ [索取号:TH761.2/Y446] | 在馆 | |
| 7 | 341707 | 203417070 | 自科二线504/504自科库 14排1列3层/ [索取号:TH761.2/Y446] | 在馆 | |
| 8 | 341708 | 203417089 | 自科二线504/504自科库 14排1列3层/ [索取号:TH761.2/Y446] | 在馆 | |
| 9 | 341709 | 203417098 | 自科二线504/504自科库 14排1列3层/ [索取号:TH761.2/Y446] | 在馆 | |
| 10 | 341710 | 203417105 | 自科二线504/504自科库 14排1列3层/ [索取号:TH761.2/Y446] | 在馆 | |
| 11 | 341711 | 203417114 | 自科二线504/504自科库 14排1列3层/ [索取号:TH761.2/Y446] | 在馆 | |
| 12 | 341712 | 203417123 | 期刊室512/501自科库 135排4列3层/ [索取号:TH761.2/Y446] | 在馆 | |
| 13 | 341713 | 203417132 | 期刊室512/501自科库 135排4列3层/ [索取号:TH761.2/Y446] | 在馆 | |
| 14 | 341714 | 203417141 | 自科二线504/504自科库 14排1列3层/ [索取号:TH761.2/Y446] | 在馆 | |
| 15 | 341715 | 203417150 | 自科二线504/504自科库 14排1列3层/ [索取号:TH761.2/Y446] | 在馆 | |
| 16 | 341716 | 203417169 | 期刊室512/501自科库 135排4列3层/ [索取号:TH761.2/Y446] | 在馆 | |
| 17 | 341717 | 203417178 | 自科二线504/504自科库 14排1列3层/ [索取号:TH761.2/Y446] | 在馆 | |
| 18 | 341718 | 203417187 | 自科库501/501自科库 135排4列4层/ [索取号:TH761.2/Y446] | 在馆 | |
| 19 | 341719 | 203417196 | 自科库501/501自科库 135排4列4层/ [索取号:TH761.2/Y446] | 在馆 | |
| 20 | 341720 | 203417203 | 自科二线504/504自科库 14排1列3层/ [索取号:TH761.2/Y446] | 在馆 | |
| 21 | 486091 | 204860917 | 测绘与城市空间信息学院资料室/ [索取号:TH761.2/Y446] | 在馆 |